Addis Abeba - Choix multiples - Statistiques

Statistiques générales
  • Ce quiz a été pris 1 492 fois
  • Le résultat moyen est 4 sur 10
Statistiques - réponses
Question Réponse % Correct
Quelle est la religion principale des habitants ? L'Église orthodoxe éthiopienne
65%
Laquelle de ces organisations importantes est basée à Addis Abeba ? Union Africaine
63%
Il s'agit de la première capitale d'Afrique concernant... L'altitude
59%
Au musée national d'Éthiopie, vous pourrez admirer... Le fossile de Lucy
59%
En quelle année a-t-elle été fondée ? 1886
50%
Qui était empereur à ce moment et a décidé d'en faire la capitale du Pays ? Ménélik II
37%
Quel est le plus gros évènement célébré chaque année au Mesqel adebabay ? L'invention de la Vraie/Sainte Croix
33%
Quelle est la fonction du Palais National (l'ancien palais impérial) de nos jours ? Résidence du Président
26%
Laquelle de ces images n'a pas été prise à Addis Abeba ?
22%
Que signifie Addis Abeba en Amharique ? Nouvelle fleur
13%
Aucun quiz correspondant
Distribution des résultats
% des personnes avec chaque résultat
Percentile par nombre de réponses
Votre historique - résultats
Vous n’avez pas pris ce quiz